A jó önéletrajz és motivációs levél tartalmi és formai jellemzői
Elmentve itt :
| Szerző: | |
|---|---|
| Dokumentumtípus: | Vegyes gyűjtemény |
| Megjelent: |
2020-08-01
|
| Kulcsszavak: | önéletrajz motivációs levél |
| Tárgyszavak: | |
| Online Access: | http://eta.bibl.u-szeged.hu/3417 |
| LEADER | 01363noc a2200253 i 4500 | ||
|---|---|---|---|
| 001 | eta3417 | ||
| 005 | 20260305150925.0 | ||
| 008 | 200910s2020 hu o 000 hun d | ||
| 040 | |a SZTE Elektronikus Tananyag Archívum |b hun | ||
| 041 | |a hun | ||
| 100 | 1 | |a Tóth Nikoletta | |
| 245 | 1 | 2 | |a A jó önéletrajz és motivációs levél tartalmi és formai jellemzői |h [elektronikus dokumentum] / |c Tóth Nikoletta |
| 246 | 1 | 0 | |a Characteristics of a great CV and cover letter |h [elektronikus dokumentum] |
| 260 | |c 2020-08-01 | ||
| 650 | 4 | |a Társadalomtudományok | |
| 650 | 4 | |a Egyéb társadalomtudományok | |
| 650 | 4 | |a Egyéb társadalomtudományok | |
| 695 | |a önéletrajz | ||
| 695 | |a motivációs levél | ||
| 856 | 4 | 0 | |u https://eta.bibl.u-szeged.hu/3417/1/EFOP343_AP6_OKTIG_Karriertervez%C3%A9s_5_modul_T%C3%B3th_Nikoletta_olvas%C3%B3lecke_20200909.pdf |z Dokumentum-elérés |
| 856 | 4 | 0 | |u https://eta.bibl.u-szeged.hu/3417/2/EFOP343_AP6_OKTIG_Karriertervez%C3%A9s_5_modul_T%C3%B3th_Nikoletta_ppt_20200909.pptx |z Dokumentum-elérés |
| 856 | 4 | 0 | |u https://eta.bibl.u-szeged.hu/3417/9/EFOP343_AP6_OKTIG_Karriertervez%C3%A9s_5_modul_T%C3%B3th_Nikoletta_vide%C3%B3lecke_20200909.mp4 |z Dokumentum-elérés |
| 856 | 4 | 0 | |u https://eta.bibl.u-szeged.hu/3417/10/felirat.vtt |z Dokumentum-elérés |
| 856 | 4 | 0 | |u https://eta.bibl.u-szeged.hu/3417/11/felirat.html |z Dokumentum-elérés |